Statistics for Pop Music 2015-18

Click here to take the quiz!

General Stats

  • This quiz has been taken 676 times
  • The average score is 8 of 14

Answer Stats

YearSong NameArtist% Correct
2017FireworkKaty Perry
90%
2017Castle on the HillEd Sheeran
90%
2017HavanaCamila Cabello
89%
2018No Tears Left to CryAriana Grande
86%
2016One DanceDrake
72%
2017DespacitoLuis Fonsi
70%
2016Don't Let Me DownThe Chainsmokers
66%
2017Something Just Like ThisColdplay
61%
2018ShotgunGeorge Ezra
59%
2015Never Forget You Zara Larsson
44%
2016Perfect StrangersJonas Blue
37%
2015Don't Be So Hard On YourselfJess Glynne
29%
2018One Last SongSam Smith
20%
2015KingYears & Years
19%

Score Distribution

Percentile by Number Answered

Percent of People with Each Score

Your Score History

You have not taken this quiz